Microbial biotechnology in food processing and health : (Record no. 51374)

MARC details
000 -LEADER
fixed length control field 00776nam a2200253Ia 4500
005 - DATE AND TIME OF LATEST TRANSACTION
control field 20260429111915.0
008 - FIXED-LENGTH DATA ELEMENTS--GENERAL INFORMATION
fixed length control field 260429s9999||||xx |||||||||||||| ||und||
020 ## - INTERNATIONAL STANDARD BOOK NUMBER
International Standard Book Number 9781041203407
041 ## - LANGUAGE CODE
Language English
082 ## - DEWEY DECIMAL CLASSIFICATION NUMBER
Classification number 664.001579
Item number VER
100 ## - MAIN ENTRY--PERSONAL NAME
Personal name Verma, Deepak Kumar
245 #0 - TITLE STATEMENT
Title Microbial biotechnology in food processing and health :
Remainder of title advances, challenges, and potential /
Statement of responsibility, etc Deepak Kumar Verma
250 ## - EDITION STATEMENT
Edition statement 1st ed.
260 ## - PUBLICATION, DISTRIBUTION, ETC. (IMPRINT)
Place of publication, distribution, etc United States :
Name of publisher, distributor, etc Apple Academic Press,
Date of publication, distribution, etc 2023.
300 ## - PHYSICAL DESCRIPTION
Extent xxii, 362 p.; hb
650 ## - SUBJECT ADDED ENTRY--TOPICAL TERM
Topical term or geographic name as entry element Food microbiology
650 ## - SUBJECT ADDED ENTRY--TOPICAL TERM
Topical term or geographic name as entry element Microbial biotechnology
650 ## - SUBJECT ADDED ENTRY--TOPICAL TERM
Topical term or geographic name as entry element Food technology
700 ## - ADDED ENTRY--PERSONAL NAME
Personal name Billoria, Sudhanshu
700 ## - ADDED ENTRY--PERSONAL NAME
Personal name Kaur, Maninder
700 ## - ADDED ENTRY--PERSONAL NAME
Personal name Kaushik, Geetnajali
700 ## - ADDED ENTRY--PERSONAL NAME
Personal name Patel, Ami R.
942 ## - ADDED ENTRY ELEMENTS (KOHA)
Koha item type Text Books
Holdings
Withdrawn status Lost status Damaged status Not for loan Collection code Home library Location Shelving location Date of Cataloging Source of acquisition Total Checkouts Full call number Barcode Date last seen Price effective from Koha item type
        Non-fiction CUTN Central Library CUTN Central Library Medicine, Technology & Management 29/04/2026 Shanti Books, Chennai - Invoice No. 3100 on 09-02-2026   664.001579 VER 56330 29/04/2026 29/04/2026 Text Books